00787nam a22002297a 4500010001100000035001100011037001800022040001200040082001600052100002000068245011800088260003700206270003500243300002400278650003700302650002600339700001500365700001900380942002500399999001900424952011400443 a198252 a198252 bCen Lib / Ret aDPLbEn a016.88bHAL aHalkett, Samuel aDictionary of anonymous and pseudonymous english literature /cby Samuel Halkett , John Laing [and] James Kennedy aEdinburghbOliver and Boydc1929 aTweeddale Court bLondone1929 av 5. 406pc27cm(Hb) aAnonyms and pseudonyms, English. aAnonieme publicaties. aJohn Laing aKennedy, James 2ddccENh016.88mHAL c137131d137131 00103v 64070aLbLd2016-03-18eCen Lib/Retl0o016.88 HALp198252r2016-03-18 00:00:00t1w2016-03-18yEN